The world that trade created : (Record no. 44168)
[ view plain ]
| 000 -LEADER | |
|---|---|
| fixed length control field | 03135cam a22004698i 4500 |
| 003 - CONTROL NUMBER IDENTIFIER | |
| control field | CUTN |
| 005 - DATE AND TIME OF LATEST TRANSACTION | |
| control field | 20250408155500.0 |
| 008 - FIXED-LENGTH DATA ELEMENTS--GENERAL INFORMATION | |
| fixed length control field | 170810s2017 nyu b 001 0 eng |
| 020 ## - INTERNATIONAL STANDARD BOOK NUMBER | |
| International Standard Book Number | 9781138680739 (hardback) |
| 020 ## - INTERNATIONAL STANDARD BOOK NUMBER | |
| International Standard Book Number | 9781138680746 (pbk.) |
| 020 ## - INTERNATIONAL STANDARD BOOK NUMBER | |
| Cancelled/invalid ISBN | 9781315564081 (ebook) |
| 041 ## - LANGUAGE CODE | |
| Language | English |
| 042 ## - AUTHENTICATION CODE | |
| Authentication code | pcc |
| 082 00 - DEWEY DECIMAL CLASSIFICATION NUMBER | |
| Classification number | 382.09 |
| Edition number | 23 |
| Item number | POM |
| 100 1# - MAIN ENTRY--PERSONAL NAME | |
| Personal name | Pomeranz, Kenneth, |
| 245 14 - TITLE STATEMENT | |
| Title | The world that trade created : |
| Remainder of title | society, culture and the world economy, 1400 to the present / |
| Statement of responsibility, etc | Kenneth Pomeranz and Steven Topik. |
| 250 ## - EDITION STATEMENT | |
| Edition statement | Fourth Edition. |
| 260 ## - PUBLICATION, DISTRIBUTION, ETC. (IMPRINT) | |
| Name of publisher, distributor, etc | Routledge, |
| Date of publication, distribution, etc | 2018. |
| 300 ## - PHYSICAL DESCRIPTION | |
| Extent | pages cm |
| 500 ## - GENERAL NOTE | |
| General note | Revised edition of the authors' The world that trade created, 2013. |
| 505 0# - FORMATTED CONTENTS NOTE | |
| Contents | Acknowledgments -- Introduction -- The making of market conventions -- Transport and tactics -- The economic culture of drugs -- Transplanting -- The economics of violence -- Making modern markets -- World trade, industrialization, and deindustrialization -- Manufacturing since World War II -- Epilogue: the world economy in the twenty-first century -- Selected bibliography -- Index. |
| 520 ## - SUMMARY, ETC. | |
| Summary, etc | The World That Trade Created<br/>Society, Culture, and the World Economy, 1400 to the Present<br/>The World That Trade Created brings to life the history of trade and its actors. In a series of brief, highly readable vignettes, filled with insights and amazing facts about things we tend to take for granted, the authors uncover the deep historical roots of economic globalization. Covering over seven hundred years of history, this book, now in its fourth edition, takes the reader around the world from the history of the opium trade to pirates, to the building of corporations and migration to the New World. The chapters are grouped thematically, each featuring an introductory essay designed to synthesize and elaborate on key themes, both familiar and unfamiliar. It includes ten new essays, on topics ranging from the early modern ivory and slave trades across the Indian Ocean, to the ways in which the availability of new consumer goods helped change work habits in both Europe and East Asia, and from the history of chewing gum to that of rare earth metals. The introductory essays for each chapter, the overall introduction and epilogue, and several of the essays have also been revised and updated. The World That Trade Created continues to be a key resource for anyone teaching world history, world civilization, and the history of international trade. |
| 650 #0 - SUBJECT ADDED ENTRY--TOPICAL TERM | |
| Topical term or geographic name as entry element | Commerce |
| 650 #0 - SUBJECT ADDED ENTRY--TOPICAL TERM | |
| Topical term or geographic name as entry element | Commerce |
| 650 #0 - SUBJECT ADDED ENTRY--TOPICAL TERM | |
| Topical term or geographic name as entry element | Culture |
| 650 #0 - SUBJECT ADDED ENTRY--TOPICAL TERM | |
| Topical term or geographic name as entry element | Industrialization |
| 650 #0 - SUBJECT ADDED ENTRY--TOPICAL TERM | |
| Topical term or geographic name as entry element | International economic relations |
| 650 #0 - SUBJECT ADDED ENTRY--TOPICAL TERM | |
| Topical term or geographic name as entry element | Economic history. |
| 700 1# - ADDED ENTRY--PERSONAL NAME | |
| Personal name | Topik, Steven, |
| 942 ## - ADDED ENTRY ELEMENTS (KOHA) | |
| Source of classification or shelving scheme | Dewey Decimal Classification |
| Koha item type | General Books |
| 100 1# - MAIN ENTRY--PERSONAL NAME | |
| Relator term | author. |
| 263 ## - PROJECTED PUBLICATION DATE | |
| Projected publication date | 1710 |
| 504 ## - BIBLIOGRAPHY, ETC. NOTE | |
| Bibliography, etc | Includes bibliographical references and index. |
| 650 #0 - SUBJECT ADDED ENTRY--TOPICAL TERM | |
| General subdivision | History. |
| 650 #0 - SUBJECT ADDED ENTRY--TOPICAL TERM | |
| General subdivision | Social aspects |
| -- | History. |
| 650 #0 - SUBJECT ADDED ENTRY--TOPICAL TERM | |
| General subdivision | History. |
| 650 #0 - SUBJECT ADDED ENTRY--TOPICAL TERM | |
| General subdivision | Social aspects |
| -- | History. |
| 650 #0 - SUBJECT ADDED ENTRY--TOPICAL TERM | |
| General subdivision | History. |
| 700 1# - ADDED ENTRY--PERSONAL NAME | |
| Relator term | author. |
| 906 ## - LOCAL DATA ELEMENT F, LDF (RLIN) | |
| a | 7 |
| b | cbc |
| c | orignew |
| d | 1 |
| e | ecip |
| f | 20 |
| g | y-gencatlg |
| Withdrawn status | Lost status | Source of classification or shelving scheme | Damaged status | Not for loan | Collection code | Home library | Location | Shelving location | Date of Cataloging | Total Checkouts | Full call number | Barcode | Date last seen | Price effective from | Koha item type |
|---|---|---|---|---|---|---|---|---|---|---|---|---|---|---|---|
| Dewey Decimal Classification | Non-fiction | CUTN Central Library | CUTN Central Library | Social Sciences | 08/04/2025 | 382.09 POM | 52007 | 08/04/2025 | 08/04/2025 | General Books |
